Corporate Chanakya (Record no. 4916)

MARC details
000 -LEADER
fixed length control field 00217nam a22000857a 4500
008 - FIXED-LENGTH DATA ELEMENTS--GENERAL INFORMATION
fixed length control field 161213b xxu||||| |||| 00| 0 eng d
100 ## - MAIN ENTRY--PERSONAL NAME
9 (RLIN) 2042
Personal name Pillai.R.
245 ## - TITLE STATEMENT
Title Corporate Chanakya
260 ## - PUBLICATION, DISTRIBUTION, ETC. (IMPRINT)
Place of publication, distribution, etc. Australia
Name of publisher, distributor, etc. ACER Press
Date of publication, distribution, etc. 2013
Holdings
Withdrawn status Lost status Source of classification or shelving scheme Damaged status Koha normalized classification for sorting Not for loan Home library Current library Shelving location Date acquired Total Checkouts Full call number Barcode Date last seen Date last checked out Price effective from Koha item type
    Dewey Decimal Classification   650_000000000000000   Good Samaritan School Library Good Samaritan School Library Management 12/13/2016 1 650 PIL13474 12/20/2016 12/13/2016 12/13/2016 BOOK

Powered by Koha